logo

Bir Sreshtho Munshi Abdur Rouf Library
Jhenaidah Cadet College

হোসেন শহীদ সোহরাওয়ার্দী : (Record no. 9167)

MARC details
000 -LEADER
fixed length control field 00721nam a2200217 a 4500
001 - CONTROL NUMBER
JCCL Control Number 9167
003 - CONTROL NUMBER IDENTIFIER
JCCL marc code BD-JhCC
005 - DATE AND TIME OF LATEST TRANSACTION
control field 20180523113626.0
008 - FIXED-LENGTH DATA ELEMENTS--GENERAL INFORMATION
fixed length control field 180310s1993 bg |||| ||a| 000 0 ben d
035 ## - SYSTEM CONTROL NUMBER
system control number (BD-JhCC)9167
040 ## - CATALOGING SOURCE
Original cataloging agency BD-JhCC
Modifying agency BD-JhCC
041 ## - LANGUAGE CODE
Language code of Book ben
082 ## - DEWEY DECIMAL CLASSIFICATION NUMBER
Classification number 920.23
Author mark and Year HUD 1993
100 ## - MAIN ENTRY--PERSONAL NAME
Personal name হুদা, মাহমুদ নূরুল
245 ## - TITLE STATEMENT
Title হোসেন শহীদ সোহরাওয়ার্দী :
Remainder of title কাছে থেকে দেখা /
Statement of responsibility, etc মাহমুদ নূরুল হুদা,
260 ## - PUBLICATION, DISTRIBUTION, ETC. (IMPRINT)
Place of publication, distribution, etc ঢাকা :
Name of publisher, distributor, etc সাহিত্য প্রকাশ,
Date of publication, distribution, etc 1993
300 ## - PHYSICAL DESCRIPTION
Pagination 159 p. :
Dimensions 22 cm.
651 ## - SUBJECT ADDED ENTRY--GEOGRAPHIC NAME
Geographic name Politics
942 ## - ADDED ENTRY ELEMENTS (KOHA)
Source of classification or shelving scheme Dewey Decimal Classification
Koha item type Books
Holdings
Source of classification or shelving scheme Damaged status Not for loan Home library Current library Shelving location Date of accession Cost, normal purchase price Total Checkouts Full call number Barcode Date last seen Copy number Koha item type Method of acquisition Currency
Dewey Decimal Classification     JCC Rouf Library JCC Rouf Library General Stacks 03/10/2018 100.00   920.23 HUD 1993 12031 03/10/2018 C-1 Books    
Dewey Decimal Classification     JCC Rouf Library JCC Rouf Library General Stacks 03/10/2018 100.00   920.23 HUD 1993 12304 03/10/2018 C-2 Books    
Dewey Decimal Classification     JCC Rouf Library JCC Rouf Library General Stacks 03/10/2018 100.00   920.23 HUD 1993 12305 03/10/2018 C-3 Books Purchase  
Dewey Decimal Classification     JCC Rouf Library JCC Rouf Library General Stacks 03/10/2018 100.00   920.23 HUD 1993 12306 03/10/2018 C-4 Books    
Dewey Decimal Classification     JCC Rouf Library JCC Rouf Library General Stacks 03/24/2018 150.00   920.23 HUD 1993 12635 03/24/2018 C-5 Books    

JCC Library | Contacts | JCC Home

Last Update on 23 September 2017
Copyright @ 2017-2020 JCC Rouf Library
Rouf Library, Jhenidah Cadet College (JCC), Bangladesh